000 00616nam a22001937a 4500
005 20251108165206.0
008 250721s1995 xx 000 0 ara d
082 1 4 _a910.4/بتس
100 1 _aيتس، جوزيف
245 1 0 _aرحلة جوزيف يتس إلى مصر و مكه /
264 1 _aالقاهره :
_bالهيئه المصريه العامه للكتاب،
_c1995.
300 _a91ص
490 0 _aالألف كتاب الثاني
650 1 7 _aالسفر
650 1 7 _aالأدب
700 1 _aالشيخ، عبد الرحمن عبد الله
_eترجمة
942 _2ddc
_cBK
999 _c21722
_d21722